<?xml version="1.0" encoding="UTF-8"?>
<collection xmlns="http://www.loc.gov/MARC21/slim">
 <record>
  <leader>01001pam a22002298a 4500</leader>
  <controlfield tag="001">00043961</controlfield>
  <controlfield tag="005">20190404100400.0</controlfield>
  <controlfield tag="008">110521s2008                  ||||||Viesd</controlfield>
  <datafield tag="020" ind1="#" ind2="#">
   <subfield code="c">21000</subfield>
  </datafield>
  <datafield tag="041" ind1="0" ind2="#">
   <subfield code="a">Vie</subfield>
  </datafield>
  <datafield tag="082" ind1="1" ind2="4">
   <subfield code="a">516.007 6</subfield>
   <subfield code="b">PH561PH</subfield>
  </datafield>
  <datafield tag="100" ind1="0" ind2="#">
   <subfield code="a">Nguyễn Văn Lộc</subfield>
  </datafield>
  <datafield tag="245" ind1="0" ind2="0">
   <subfield code="a">Phương pháp vectơ trong giải toán hình học không gian</subfield>
   <subfield code="b">Dùng cho học sinh khá giỏi, học sinh chuyên toán - Kiến thức và phương pháp, Các bài toán mẫu, Luyện tập, Đáp số và hướng dẫn giải</subfield>
   <subfield code="c">Nguyễn Văn Lộc</subfield>
  </datafield>
  <datafield tag="260" ind1="#" ind2="#">
   <subfield code="a">Hà Nội</subfield>
   <subfield code="b">Giáo dục</subfield>
   <subfield code="c">2008</subfield>
  </datafield>
  <datafield tag="300" ind1="#" ind2="#">
   <subfield code="a">243 tr.</subfield>
   <subfield code="c">27 cm.</subfield>
  </datafield>
  <datafield tag="650" ind1="#" ind2="4">
   <subfield code="a">Bài tập</subfield>
  </datafield>
  <datafield tag="653" ind1="#" ind2="#">
   <subfield code="a">Hình học không gian</subfield>
  </datafield>
  <datafield tag="653" ind1="#" ind2="#">
   <subfield code="a">Phương pháp</subfield>
  </datafield>
  <datafield tag="653" ind1="#" ind2="#">
   <subfield code="a">Vectơ</subfield>
  </datafield>
  <datafield tag="852" ind1="#" ind2="#">
   <subfield code="j">KM.0028666</subfield>
   <subfield code="j">KM.0028667</subfield>
   <subfield code="j">KM.0028668</subfield>
   <subfield code="j">KM.0028669</subfield>
   <subfield code="j">KM.0028670</subfield>
   <subfield code="j">KM.0028671</subfield>
   <subfield code="j">KD.0025664</subfield>
  </datafield>
  <datafield tag="910" ind1="0" ind2="#">
   <subfield code="d">4/4/2019</subfield>
  </datafield>
  <datafield tag="980" ind1="#" ind2="#">
   <subfield code="a">Trung tâm Học liệu Lê Vũ Hùng, Trường Đại học Đồng Tháp</subfield>
  </datafield>
 </record>
</collection>
